Tess of the d'Urbervilles
Gespeichert in:
| 1. Verfasser: | |
|---|---|
| Format: | Buch |
| Sprache: | Undetermined |
| Veröffentlicht: |
London
Everyman's Library
1991
|
| Schlagworte: | |
| Tags: |
Tag hinzufügen
Keine Tags, Fügen Sie den ersten Tag hinzu!
|
| Thư viện lưu trữ: | Trung tâm Học liệu Trường Đại học Cần Thơ |
|---|
| LEADER | 00502nam a2200181Ia 4500 | ||
|---|---|---|---|
| 001 | CTU_33905 | ||
| 008 | 210402s9999 xx 000 0 und d | ||
| 082 | |a 823.8 | ||
| 082 | |b H272t | ||
| 100 | |a Thomas Hardy | ||
| 245 | 0 | |a Tess of the d'Urbervilles | |
| 245 | 0 | |c Thomas Hardy | |
| 260 | |a London | ||
| 260 | |b Everyman's Library | ||
| 260 | |c 1991 | ||
| 650 | |a english fiction - 19th century,english literature | ||
| 904 | |i Minh, 991116 | ||
| 980 | |a Trung tâm Học liệu Trường Đại học Cần Thơ | ||